000
00212 a2200097 4500
001
30412
100
_a
Shakespeare
245
_a
The tragedy of hamlet
260
_a
USA
_b
New Haven Yale
_c
090
_c
20363
_d
20363
942
_a
NUST-CAE
_c
M
_c
11518
999
_c
265485
_d
265485